Most total visits and visit growth overseas countries from the US - Statistics

General Stats
  • This quiz has been taken 14 times
  • The average score is 16 of 20
Answer Stats
Rank Continent Answer % Correct
3 Europe France
100%
2 Europe Italy
100%
10 Europe Italy
100%
1 Asia/Europe Turkey
100%
1 Europe United Kingdom
100%
8 South America Brazil
93%
2 Africa Egypt
86%
9 Asia India
86%
7 Asia Japan
86%
6 Asia Japan
86%
5 Europe Spain
86%
6 Europe Germany
79%
10 Europe Greece
71%
4 Europe Greece
71%
4 North America Dominican Republic
64%
9 Europe Portugal
57%
7 Asia Vietnam
57%
8 North America Jamaica
50%
3 Asia United Arab Emirates
50%
5 North/Central America El Salvador
36%
No matching quizzes found
Score Distribution
Percent of People with Each Score
Percentile by Number Answered
Your Score History
You have not taken this quiz